00932cam a22002774a 4500999001500000001000600015003000900021005001700030008004100047020002200088020002200110035002100132040002300153082001900176100001900195245007000214260005000284300002800334440000800362490005200370504005100422650002100473650001600494942001200510952013200522 c2233d223312408BD-DhUAP20200222112909.0200222t20031999enk b 001 0 eng  a0415159636 (hbk.) a0415159644 (pbk.) a(DLC) 99025928 aDLCcDLCdBD-DhUAP00a701.17 CAR2231 aCarroll, Noel.10aPhilosophy of art :ba contemporary introduction /cNoel Carroll. aLondon :bRoutledge,cc1999 [Reprinted 2003]. aix, 273 pages ;c24 cm. 0aRou atledge contemporary introductions to philosophy aIncludes bibliographical references and index. 0aArtxPhilosophy. 0aAesthetics. 2ddccBK 00102ddc4070aUAPCLbUAPCLcGeneral Stacksd2020-02-22l1o701.17 CARp3010012408r2025-07-22s2025-07-17t1w2020-02-22yBK